It looks like you're offline.
Open Library logo
additional options menu

MARC record from Internet Archive

LEADER: 01158cam 2200349Mi 4500
001 ocm86059776
003 OCoLC
005 20211109235809.0
008 950727s1915 nyua b 000 0 eng d
040 $aSZT$beng$cSZT$dLGG$dDEBBG$dVVT$dUKMGB$dOCLCF$dOCLCO$dOCLCQ$dOCLCO$dOCLCQ$dOCLCO$dOCLCA
016 7 $a009606137$2Uk
019 $a977951139
035 $a(OCoLC)86059776$z(OCoLC)977951139
050 4 $aLB3405$b.R3
082 04 $a371.7
084 $a5,3$2ssgn
084 $aD 6833$2dopaed
100 1 $aRapeer, Louis Win,$d1879-
245 10 $aEducational hygiene :$bfrom the pre-school period to the univerity.
260 $aNew York, N.Y. :$bScribner's Sons,$c©1915.
300 $axix, 650 pages :$billustrations (sommige gevou) ;$c21 cm
336 $atext$btxt$2rdacontent
337 $aunmediated$bn$2rdamedia
338 $avolume$bnc$2rdacarrier
504 $aIncludes bibliographical references.
650 0 $aSchool hygiene.
650 7 $aSchool hygiene.$2fast$0(OCoLC)fst01107450
650 7 $aErziehung$2gnd
650 7 $aHygiene$2gnd
029 1 $aDEBBG$bBV013206049
994 $aZ0$bP4A
948 $hNO HOLDINGS IN P4A - 7 OTHER HOLDINGS